Missing Word: Music Antonyms II Quiz Stats

Quiz Updated Aug 2, 2016

Challenge
Share
Tweet
Embed
Score 0/22 Timer 04:00
0 Plays Today
Song Title Missing Word % Correct
All Night ____ (All Night)Long
90.5%
Another Day In ____Paradise
85.7%
In The ____ Of The NightHeat
81.7%
Let's ____ The Night TogetherSpend
81.2%
You ____ Me All Night LongShook
68.7%
____ Another DayDie
66.2%
Day ____Tripper
63.8%
Take ____ The NightBack
61.7%
____ Did You Sleep Last Night?Where
59.9%
Have A ____ DayNice
56.8%
____ In The NightStrangers
55%
Song Title Missing Word % Correct
New ____ DayYear's
48.9%
Last Night On ____Earth
42.6%
The Day ____ You CameBefore
39.4%
The Night ____ DiedChicago
34.2%
____ DayBad
22%
____ NightLadies
19.2%
____ Night Back In LondonFirst
17.2%
Getting Ready For ____ DayChristmas
10.2%
____ Of The DayHero
9.5%
____ Day In The SunCold
8%
____ Day DelilahModern
5.9%

Today's Daily Dose

Word Ladder
Summertime

On This Day
June 23rd II

You're not logged in!

Compare scores with friends on all Sporcle quizzes.
Join for Free
OR
Log In

You Might Also Like...

Show Comments

Extras

Top Quizzes Today


Score Distribution

Your Account Isn't Verified!

In order to create a playlist on Sporcle, you need to verify the email address you used during registration. Go to your Sporcle Settings to finish the process.

Report this User

Report this user for behavior that violates our Community Guidelines.

Details: